LIBRARY ONLINE CATALOGUE

Smith & Keenan's law for business / (Record no. 1552)

MARC details
000 -LEADER
fixed length control field 00624cam a22002292 4500
001 - CONTROL NUMBER
control field 0000020955
003 - CONTROL NUMBER IDENTIFIER
control field OSt
005 - DATE AND TIME OF LATEST TRANSACTION
control field 20170526115319.0
008 - FIXED-LENGTH DATA ELEMENTS--GENERAL INFORMATION
fixed length control field 120104s xx 000 0 eng d
020 ## - INTERNATIONAL STANDARD BOOK NUMBER
International Standard Book Number 145824042 :
040 ## - CATALOGING SOURCE
Original cataloging agency KABU
Transcribing agency KABU
050 #0 - LIBRARY OF CONGRESS CALL NUMBER
Classification number KD1629.5
Item number .K44 2006
100 1# - MAIN ENTRY--PERSONAL NAME
Personal name Keenan, Denis.
245 10 - TITLE STATEMENT
Title Smith & Keenan's law for business /
Statement of responsibility, etc. Denis Keenan.
250 ## - EDITION STATEMENT
Edition statement 13th ed.
260 ## - PUBLICATION, DISTRIBUTION, ETC. (IMPRINT)
Place of publication, distribution, etc. Harlow, England :
Name of publisher, distributor, etc. Longman,
Date of publication, distribution, etc. 2006.
300 ## - PHYSICAL DESCRIPTION
Extent xli, 682 p.
650 #0 - SUBJECT ADDED ENTRY--TOPICAL TERM
Topical term or geographic name as entry element Business law
Geographic subdivision Great Britain.
908 ## - PUT COMMAND PARAMETER (RLIN)
Put command parameter 120104
942 ## - ADDED ENTRY ELEMENTS (KOHA)
Source of classification or shelving scheme Library of Congress Classification
Koha item type General Collection
Holdings
Withdrawn status Lost status Source of classification or shelving scheme Not for loan Home library Current library Date acquired Total Checkouts Full call number Barcode Date last seen Date last checked out Copy number Price effective from Koha item type
    Library of Congress Classification   Kabarak, Main Campus Kabarak, Main Campus 21/10/2015 14 KD1629.5 .K44 2006 c. 1 33878 18/03/2026 23/02/2026 c.1 21/10/2015 General Collection